000 00533nmm a2200157Ia 4500
008 251105s9999||||xx |||||||||||||||||und||
020 _a9786123177577
041 _aspa
100 _aTsukayama Cisneros, Luis
245 0 _aComer con el corazón :
_b Cómo la comida abre (o no) espacios de integración en la ciudad de Lima
264 _a[Lima, Peru] :
_bPontificia Universidad Católica de Perú,
_c2022
300 _a318 páginas
650 _aCooking
856 _uhttps://public.digitaliapublishing.com/a/131151
942 _cCF
999 _c76022
_d76022